00608cam a22001932 4500001001100000005001700011008004100028020001700069040001500086245012100101250001200222260003300234300001800267650002800285700003200313700003100345700003500376852000300411000001988220151217152203.0110302s xx 000 0 eng d a3540724452 : aKABUcKABU10aLagomorph biology :bevolution, ecology and conservation /cPoulo C. Alves, Nuno Ferrand, Klaus Hacklander (editors) a1st ed. aNew York :bSpringer,c2008. axviii, 413 p. 0aLogomorpha.@00001798731 aPaulo C. Alves.@00001798741 aFerrand, Nuno.@00001798751 aHacklander, Klaus.@00001798761